000 00416nam a2200169Ia 4500
008 170705s9999 xx 000 0 und d
020 _a9780545441919
245 _aDeep snow /
245 _cRobert Munsch ; illustrated by Michael Martchenko.
260 _aNew York :
260 _bScholastic,
260 _c2006
300 _aunpaged :
300 _bcolor illustration ;
300 _c23cm.
500 _a590
999 _c335888
_d335888